Working with Young Offenders

Salvato in:
Dettagli Bibliografici
Autore principale: Pitts, John
Natura: Libro
Pubblicazione: London : Macmillan Education Limited, c1990.
Serie:Practical Social Work Ser
Soggetti:
Tags: Aggiungi Tag
Nessun Tag, puoi essere il primo ad aggiungerne!!

MARC

LEADER 00000nam a22000007a 4500
020 |a 0333463986  |c TZS 18,502.06 
040 |a MUL  |b eng  |e AACR 
082 |a 364.630941 PIT 
100 |a  Pitts, John 
245 |a Working with Young Offenders  |c / John Pitts 
260 |a  London :  |b Macmillan Education Limited,  |c c1990. 
300 |a xii, 164 p. ;  |c 23 cm. 
440 |a Practical Social Work Ser 
504 |a Include bibliographical references (p. 154 - 158) and index 
546 |a eng 
650 |a Probation  
650 |a Social sciences 
650 |a Social policy 
650 |a Social work with juvenile delinquents 
650 |a Juvenile justice, Administration of  
650 |a Juvenile delinquents 
650 |a Social service 
942 |c BK 
999 |c 2531  |d 2531